Dumbledore's Army Bunker Quiz Stats

 Plays Quiz Updated Jan 27, 2020

     
Support Sporcle.
Go Orange.
Score 0/15 Timer 06:00
5 Plays Today
Question Answer % Correct
????
100%
????
93.7%
????
88%
????
68.5%
????
54.3%
????
48.1%
????
41.8%
????
40.8%
Question Answer % Correct
????
32.2%
????
28.9%
????
23%
????
17.8%
????
11.6%
????
6.8%
????
3.5%

From the Vault

Best Passports to Hold

by cornishpixies

If you're a spy, you might be holding more than one of these passports anyway.
Remove Ads.
Support Sporcle.
Get the best of Sporcle when you Go Orange. This ad-free experience offers more features, more stats, and more fun while also helping to support Sporcle. Thank you for becoming a member.

Show Comments

Extras

Top Quizzes Today


Score Distribution

Your Account Isn't Verified!

In order to create a playlist on Sporcle, you need to verify the email address you used during registration. Go to your Sporcle Settings to finish the process.

Report this User

Report this user for behavior that violates our Community Guidelines.

Details: